000 00350nam a2200157Ia 4500
001 27017
003 IN-NITTTR
005 20251114233338.0
008 251113s9999||||xx |||||||||||||| ||eng||
040 _beng
040 _cIN-NITTTR
041 _aeng
082 _a382.92 W893
245 0 _aWTO and entrepreneurship development /
942 _2ddc
_cBK
999 _c29645
_d29645